000 01238cam a22003615i 4500
999 _c15207
_d15207
001 15435471
003 EG-ScBUE
005 20201026122056.0
008 080902t20092009njua f b 001 0 eng d
020 _a0135064163
020 _a9780135064160
035 _a(OCoLC)ocn216941262
035 _a(OCoLC)216941262
040 _aDLC
_beng
_erda
_cDLC
_dBTCTA
_dBAKER
_dC#P
_dYDXCP
_dDLC
_dEG-ScBUE
082 0 4 _a693.71
_bAGH
_222
100 1 _aAghayere, Abi O.,
_eauthor.
_923440
245 1 0 _aStructural steel design :
_ba practice-oriented approach /
_cAbi Aghayere, Jason Vigil.
250 _aInternational edition.
264 1 _aUpper Saddle River, N.J. :
_bPearson Education / Prentice Hall,
_c[2009]
264 4 _cc2009
300 _axiv, 692 pages :
_billustrations ;
_c26 cm
336 _atext
_btxt
_2rdacontent
337 _aunmediated
_bn
_2rdamedia
338 _avolume
_bnc
_2rdacarrier
504 _aIncludes bibliographical references and index.
650 7 _aBuilding, Iron and steel
_vTextbooks.
_2BUEsh
_923441
650 7 _aSteel, Structural
_vTextbooks.
_2BUEsh
_923442
651 _2BUEsh
653 _cApril2011
653 _bENGGEN
_cOctober2020
700 1 _aVigil, Jason,
_d1974-
_eauthor.
_923443
942 _2ddc
_cBB